| 000 | 00995cam a2200265 a 4500 | ||
|---|---|---|---|
| 999 |
_c332134 _d332134 |
||
| 001 | 3015868 | ||
| 003 | NUST | ||
| 005 | 20171114150614.0 | ||
| 008 | 940811s1995 nyua f 001 0 eng | ||
| 010 | _a 94033927 | ||
| 020 | _a0824792777 (acidfree paper) | ||
| 040 |
_aDLC _cDLC _dDLC |
||
| 050 | 0 | 0 |
_aTD430 _b.C4593 1995 |
| 082 | 0 | 0 |
_a628.162 CHE _220 |
| 100 | 1 |
_aCheremisinoff, Paul N. _96357 |
|
| 245 | 1 | 0 |
_aHandbook of water and wastewater treatment technology / _cPaul N. Cheremisinoff. |
| 260 |
_aNew York : _bM. Dekker, _cc1995. |
||
| 300 |
_avi, 833 p. : _bill. ; _c24 cm. |
||
| 500 | _aIncludes index. | ||
| 501 | _aH.B | ||
| 650 | 0 |
_aWater _xPurification. _9264 |
|
| 650 | 0 |
_aSewage _xPurification. _9265 |
|
| 856 | 4 | 2 |
_3Publisher description _uhttp://www.loc.gov/catdir/enhancements/fy0647/94033927-d.html |
| 906 |
_a7 _bcbc _corignew _d1 _eocip _f19 _gy-gencatlg |
||
| 942 |
_2ddc _cBK _kIESE |
||